Basic Electrical Engineering: (Record no. 184113)

MARC details
000 -LEADER
fixed length control field 00674nam a22001937a 4500
005 - DATE AND TIME OF LATEST TRANSACTION
control field 20220204110956.0
010 ## - LCCN (DPL NO)
LC control number ENG-131091
020 ## - INTERNATIONAL STANDARD BOOK NUMBER
International Standard Book Number 978-93-5460-070-8
Terms of availability 614.00
035 ## - SYSTEM CONTROL NUMBER
System control number EN-114623
037 ## - SOURCE OF ACQUISITION
Source of stock number/acquisition DBAD
082 ## - DEWEY DECIMAL CLASSIFICATION NUMBER
Classification number 621.3
100 ## - MAIN ENTRY--PERSONAL NAME
Personal name Chakrabarti, Abhijit
245 ## - TITLE STATEMENT
Title Basic Electrical Engineering:
Remainder of title Covers AICTE Model Curriculum/
Statement of responsibility, etc Abhijit Chakrabarti, Sudipta Debnath, Chandan Kumar Chanda
250 ## - EDITION STATEMENT
Edition statement 2nd Edition
260 ## - PUBLICATION, DISTRIBUTION, ETC. (IMPRINT)
Place of publication, distribution, etc Chennai
Name of publisher, distributor, etc McGraw Hill Education Private Limited
Date of publication, distribution, etc 2022
270 ## - ADDRESS
City Chennai`
Address Anjana Complex No. 5/90 A, Butt Road, St Thomas Mount
Postal code 600016
300 ## - PHYSICAL DESCRIPTION
Extent 640p.
Dimensions 24cm(pbk)
942 ## - ADDED ENTRY ELEMENTS (KOHA)
Source of classification or shelving scheme Dewey Decimal Classification
Item type English Books
Classification part 621.3
Call number suffix CHA
Holdings
Withdrawn status Lost status Not for loan Collection code Home library Current library Date acquired Source of acquisition Cost, normal purchase price Full call number Barcode Copy number Cost, replacement price Koha item type
      Non-fiction Patel Nagar Patel Nagar 13/01/2022 DBAD/PUB 614.00 621.3 CHA EN-114623 1 614.00 English Books

© Delhi Public Library
Hit Counter
free hit counter